Die neuentdeckte Nekropole von Athribis /

محفوظ في:

المؤلف الرئيسي: Gomaa, Farouk (مؤلف)

مؤلفون آخرون: Hegazy, el Sayed Aly.

التنسيق: كتاب

اللغة: German

منشور في: Wiesbaden : Harrassowitz in Kommission, 2001.

سلاسل: Agypten und Altes Testament, 48.
AAT ; 48.

الموضوعات:

الوسوم: إضافة وسم

لا توجد وسوم, كن أول من يضع وسما على هذه التسجيلة!

رقم الطلب: DT57 .A95 v.48

LEADER 01104namaa2200325 4500
001 15991
003 OSt
005 20250519121819.0
008 130303s2001 gw a g b 001 0 ger d
010 |a 2001389530 
020 |a 3447044187 (alk. paper) 
040 |c ARCE Library 
043 |a f-ua--- 
050 4 |a DT57 .A95 v.48 
100 1 |a Gomaa, Farouk,  |e author  |9 30905 
245 1 4 |a Die neuentdeckte Nekropole von Athribis /   |c Farouk Gomaa und El-Sayed Hegazy. 
264 1 |a Wiesbaden :   |b Harrassowitz in Kommission,   |c 2001. 
300 |a 94 p., [92] p. of plates :   |b illustrations ;   |c 30 cm. 
490 1 |a Agypten und Altes Testament,   |x 0720-9061 ;   |v 48. 
490 1 |a AAT ;   |v 48. 
504 |a Includes bibliographical references (p. 88-89). 
650 0 |a Tombs  |z Egypt  |z Athribis (Extinct city) 
650 0 |a Excavations (Archaeology)  |z Egypt  |z Athribis (Extinct city) 
651 0 |a Athribis (Extinct city) 
700 1 |a Hegazy, el Sayed Aly. 
830 0 |a Agypten und Altes Testament,   |x 0720-9061 ;   |v 48. 
830 0 |a AAT ;   |v 48. 
901 |a reviewed 
942 |c BK  |2 lcc 
999 |c 16146  |d 16146